00548nam a22001697a 450000100060000000300090000600800410001504000160005608200240007210000220009624501170011826000550023530000120029050100150030250400280031765000330034545622BD-DhUET250802b xxu||||| |||| 00| 0 eng d c0dBD-DhUET a625.54922bSAD/2025 aSadab Ishraq Khan aEstimation of emission factors of light duty vehicles using regional representative driving cycles in Dhaka city aDhakabDepartment of Civil Engineering, BUETc2025 aix,84p. aOne CD-ROM aIncludes bibliographies 0a Transportation zDhaka City